Normal view
MARC view
- الخوالدة، عماد
Entry Personal Name
001 - CONTROL NUMBER
- control field: 50104
003 - CONTROL NUMBER IDENTIFIER
- control field: JO-AjAnu
005 - DATE AND TIME OF LATEST TRANSACTION
- control field: 20230606082242.0
008 - FIXED-LENGTH DATA ELEMENTS
- fixed length control field: 230606|| aca||aabn | a|a d
040 ## - CATALOGING SOURCE
- Original cataloging agency: JO-AjAnu
- Transcribing agency: JO-AjAnu
100 ## - HEADING--PERSONAL NAME
- Personal name: الخوالدة، عماد
670 ## - SOURCE DATA FOUND
- Source citation: Work cat.: (JO-AjAnu)25617: الخوالدة، عماد, author, الطفيلة تاريخ وحضارة (آدوم): دراسة في تاريخ حضارة آدوم وإنتشار قبائلها